000 00672nam a22002177a 4500
999 _c61697
_d61697
005 20240418110723.0
008 240418s2006 enk||||| |||| 00| 0 eng d
020 _a9781852339609x
041 _aeng
080 _a616+617 A-38
100 _aAllen, Derek C.
_921853
245 _aHistopathology Reporting:
_bGuidelines for Surgical Cancer /
_cDerek C. Allen.
250 _aSecond edition
264 _aLondon :
_bSpringer,
_c2006.
300 _a466 p.:
_bill.;
_c22 cm.
653 _aჰისტოპათოლოგია
653 _aქირურგია
653 _aკიბო
653 _aმედიცინა
942 _2udc
_cᲬᲘᲒᲜᲘ